ロード中...
Women in Muslim society
| 第一著者: | |
|---|---|
| フォーマット: | Printed Book |
| 出版事項: |
Kitab Bhavan New Delhi
1991
|
| 主題: |
| LEADER | 00439nam a2200157 4500 | ||
|---|---|---|---|
| 082 | |a 305.4 SHA-W | ||
| 100 | |a Shaikh,NM | ||
| 245 | |a Women in Muslim society |c Shaikh,NM | ||
| 250 | |||
| 260 | |a Kitab Bhavan New Delhi |c 1991 | ||
| 300 | |||
| 490 | |||
| 650 | |a Women studies--Sociology | ||
| 942 | |c BK | ||
| 999 | |c 187198 |d 187198 | ||
| 952 | |0 0 |1 0 |4 0 |6 305_400000000000000_SHAW |7 0 |9 200547 |a ISL |b ISL |l 0 |o 305.4 SHA-W |p ISL01292 |r 2019-10-28 |w 2019-10-28 |y BK | ||